Учебник по химия (Запис номер 411501)
[ съкратено ]
| 000 -Лидер | |
|---|---|
| Контролно поле с фиксирана дължина | nam a22 a 4500 |
| 003 - Код на организацията, давaща контролен номер | |
| Контролно поле | BLK |
| 005 - Дата и час на последна редакция | |
| Контролно поле | 20221208031052.0 |
| 008 - Елементи от данни с фиксирана дължина | |
| fixed length control field | 210427b bu |||||r|||| 00| 0 bu d |
| 040 ## - Източник на каталожния запис | |
| Идентификатор на билиотеката - собственик на записа | BLK |
| 041 ## - Код за език | |
| Код за езика на текст/звукозапис или на отделно заглавие | Български |
| Код за езика КДБФ | Български |
| 080 ## - УДК | |
| Текстов определител УДК | Химия. Кристалография. Минералогия. Вж и 577.1; 66; 612.015; 631.41 |
| УДК код - определител по УДК | 54 |
| УДК определител | (075) |
| УДК - код + определител | 54(075) |
| 100 ## - Редна дума - Автор | |
| R(LIN) | 343913 |
| Автор | Кулелиев, Кръстьо Йорданов |
| Авторска отговорност | първи автор |
| 139 ## - Редно поле | |
| Редна дума | Кулелиев, Кръстьо Йорданов |
| 245 ## - Сведения за заглавието | |
| Заглавие | Учебник по химия |
| Подзаглавни данни | За X кл. на общообразователни училища |
| Редно поле (дума) | Кръсто Йорданов Кулелиев, Иван Гълъбов |
| 250 ## - Област на изданието | |
| Сведения за изданието | 3 изд. |
| 260 ## - Област на издателските данни | |
| 9 (RLIN) | 443233 |
| Място на издаване, разпространение и проч. | София |
| Име на издателя, разпространителя и проч. | Нар. просвета |
| Година на издаване | 1955 |
| 300 ## - Физическа характеристика | |
| Страници | 136 с. |
| Размери/Мащаб | 22см |
| 380 ## - Жанр | |
| Жанр | Естествени науки. Математика |
| 500 ## - Общи забележки | |
| Забележка | 1. изд. 1953 |
| 650 #7 - Допълнително описание по предмет – тема | |
| 9 (RLIN) | 176577 |
| Основно описание – тема или топоним | Химия |
| 653 #7 - Ключова дума – ненормативна | |
| 9 (RLIN) | 199112 |
| Ключова дума | учебници за средни училища |
| 653 #7 - Ключова дума – ненормативна | |
| 9 (RLIN) | 199967 |
| Ключова дума | химия |
| 700 ## - Други автори (авторска отговорност) | |
| Лично име | Гълъбов, Иван |
| Автороска отговорност (Описва отношението между автора и произведението) | съавт. |
| 9 (RLIN) | 1445 |
| 852 ## - Местоположение | |
| Форматна сигнатура | Цб 5.220.43608 |
| Фондова буква | Основен фонд - ползва се само за читалня |
| 999 ## - СИСТЕМНИ КОНТРОЛНИ НОМЕРА | |
| Koha biblionumber | 411501 |
| Koha biblioitemnumber | 411501 |
| 942 ## - АРТИКУЛИ | |
| Вид на библиотечния материал | Книги |
| Скрит в OPAC | Не |
| Периодичен библиозапис | Да |
| 944 ## - СЪЗДАВАНЕ И РЕДАКЦИЯ на ЗАПИСА | |
| Създаване/Редакция | Създаване |
| Дата на регистрацията/редакция | 2021-04-27 |
| Служител, извършил регистрацията/редакцията | Микаела Микова - Илиева |
| Статус, дата на статуса | 2021-04-27 |
| Код за отписване | Код за изгубен артикул | Източник на класификационната схема | Код за повреда | Коз за рестрикции | Код за отдаване | Артикулен № | Име на библиотеката - собственик | Име на библиотеката, в която се намира в момента | Статус (Текущо местоположение) | Дата на вписване в системата | Местоположение - отдел | Цена в лева | Инвентарен номер | Систематично азбучна сигнатура | Баркод | Цена в евро | Служебен тип на артикула |
|---|---|---|---|---|---|---|---|---|---|---|---|---|---|---|---|---|---|
| Не е изгубен | Universal Decimal Classification | Не е повреден | само за читалня | ползва се в читалня | 827542 | Регионална библиотека "Любен Каравелов" Русе | Регионална библиотека "Любен Каравелов" Русе | Хранилище | 2021-04-29 | Основен фонд - ползва се само за читалня | 0.34 | 193/55 | Цб 5.220.43608 | 900000054373 | 0.17 | Книги |